| 000 | 00577nam a2200205Ia 4500 | ||
|---|---|---|---|
| 003 | OSt | ||
| 005 | 20220926040250.0 | ||
| 006 | a|||||r|||| 00| 0 | ||
| 007 | ta | ||
| 008 | 220923b |||||||| |||| 00| 0 eng d | ||
| 037 | _cGeneral Book | ||
| 040 |
_aRTL _cRTL _beng |
||
| 041 |
_2eng _aeng |
||
| 082 | _aXxM42:g(X61), K3 | ||
| 100 | _aEshag Eprime | ||
| 245 | 0 |
_aFrom Marshall to Keynes _b An essay on the monetary theory of the cambridge school |
|
| 260 | _c1963 | ||
| 942 |
_hXxM42:g(X61), K3 _cGB _2CC |
||
| 999 |
_c664326 _d664326 |
||